[Event "PMPJ 2022 - D13"]
[Site "Jastrzebia Gora"]
[Date "2022.11.13"]
[Round "9.7"]
[White "Socha, Maja"]
[Black "Woytitzki, Sophie"]
[Result "0-1"]
[BlackElo "1129"]
[WhiteElo "1081"]
[LiveChessVersion "1.4.8"]

1. e4 {[%clk 1:30:38]} c6 {[%clk 1:30:55]} 2. d4 {[%clk 1:30:13]} d5
{[%clk 1:31:14]} 3. exd5 {[%clk 1:30:13]} cxd5 {[%clk 1:31:35]} 4. Bd3
{[%clk 1:30:09]} Nf6 {[%clk 1:31:07]} 5. c3 {[%clk 1:28:09]} Nc6 {[%clk 1:30:20]}
6. Bf4 {[%clk 1:27:20]} g6 {[%clk 1:26:16]} 7. Nd2 {[%clk 1:23:55]} Bf5
{[%clk 1:24:53]} 8. Bxf5 {[%clk 1:22:27]} gxf5 {[%clk 1:25:14]} 9. Ngf3
{[%clk 1:18:57]} e6 {[%clk 1:22:23]} 10. Qb3 {[%clk 1:15:46]} Qd7
{[%clk 1:18:23]} 11. h3 {[%clk 1:07:00]} Na5 {[%clk 1:14:54]} 12. Qc2
{[%clk 1:03:50]} Bd6 {[%clk 1:04:26]} 13. Ne5 {[%clk 1:00:23]} Bxe5
{[%clk 1:03:20]} 14. Bxe5 {[%clk 1:00:42]} Qe7 {[%clk 1:03:43]} 15. Qa4+
{[%clk 1:00:11]} Nc6 {[%clk 1:04:04]} 16. Qb5 {[%clk 1:00:20]} a6
{[%clk 1:02:28]} 17. Bxf6 {[%clk 0:53:34]} axb5 {[%clk 1:02:38]} 18. Bxe7
{[%clk 0:53:51]} Kxe7 {[%clk 1:02:55]} 19. Nf3 Rhg8 {[%clk 1:02:53]} 20. Nh4
{[%clk 0:50:24]} b4 {[%clk 1:01:29]} 21. Kd2 {[%clk 0:48:06]} Ra4
{[%clk 1:00:13]} 22. g3 {[%clk 0:44:40]} Rga8 {[%clk 0:55:47]} 23. Rhe1
{[%clk 0:34:27]} bxc3+ {[%clk 0:55:08]} 24. bxc3 {[%clk 0:34:26]} Rxa2+
{[%clk 0:55:24]} 25. Rxa2 {[%clk 0:34:46]} Rxa2+ {[%clk 0:55:49]} 26. Ke3
{[%clk 0:34:25]} Rb2 {[%clk 0:55:48]} 27. Re2 {[%clk 0:30:30]} Rb3
{[%clk 0:53:28]} 28. Kd2 {[%clk 0:29:15]} Rb2+ {[%clk 0:52:48]} 29. Kd3
{[%clk 0:28:38]} Rxe2 {[%clk 0:52:56]} 30. Kxe2 {[%clk 0:28:56]} b5
{[%clk 0:53:16]} 31. Ke3 {[%clk 0:28:09]} Kd6 {[%clk 0:53:23]} 32. Nf3
{[%clk 0:26:56]} f6 {[%clk 0:53:01]} 33. Nd2 {[%clk 0:21:49]} e5 {[%clk 0:51:36]}
34. Nb3 {[%clk 0:16:38]} exd4+ {[%clk 0:47:47]} 35. cxd4 {[%clk 0:16:39]} b4
{[%clk 0:47:27]} 36. Kf4 {[%clk 0:15:59]} Ke6 {[%clk 0:46:47]} 37. Nc5+
{[%clk 0:15:52]} Ke7 {[%clk 0:46:59]} 38. Nb3 {[%clk 0:15:39]} Ke6
{[%clk 0:46:38]} 39. Nc5+ {[%clk 0:15:58]} Kd6 {[%clk 0:46:46]} 40. Nb3
{[%clk 0:15:19]} Ne7 {[%clk 0:46:34]} 41. f3 {[%clk 0:14:00]} h5 {[%clk 0:46:22]}
42. g4 {[%clk 0:12:34]} fxg4 {[%clk 0:46:25]} 43. fxg4 {[%clk 0:12:46]} hxg4
{[%clk 0:46:33]} 44. Kxg4 {[%clk 0:13:00]} Ke6 {[%clk 0:45:53]} 45. Nc5+
{[%clk 0:12:23]} Kf7 {[%clk 0:45:34]} 46. h4 {[%clk 0:12:39]} f5+
{[%clk 0:44:24]} 47. Kg5 {[%clk 0:12:38]} Kg7 {[%clk 0:40:43]} 48. h5
{[%clk 0:10:18]} Kh7 {[%clk 0:40:33]} 49. h6 {[%clk 0:06:53]} f4 {[%clk 0:40:19]}
50. Kxf4 {[%clk 0:05:20]} Kxh6 {[%clk 0:40:42]} 51. Ke5 {[%clk 0:05:21]} Kg7
{[%clk 0:40:40]} 52. Ke6 {[%clk 0:04:34]} Kf8 {[%clk 0:40:54]} 53. Nd7+
{[%clk 0:02:47]} Ke8 {[%clk 0:41:11]} 54. Nc5 {[%clk 0:02:32]} Kd8
{[%clk 0:36:14]} 55. Kd6 {[%clk 0:01:43]} Ke8 {[%clk 0:35:27]} 56. Ke6
{[%clk 0:02:02]} Kf8 {[%clk 0:34:31]} 57. Nd7+ {[%clk 0:01:34]} Kg7
{[%clk 0:31:50]} 58. Kxe7 {[%clk 0:01:38]} b3 {[%clk 0:32:10]} 59. Nc5
{[%clk 0:01:48]} b2 {[%clk 0:32:27]} 60. Ne6+ {[%clk 0:02:08]} Kg8
{[%clk 0:32:46]} 61. Kd6 {[%clk 0:01:30]} b1=Q {[%clk 0:32:57]} 62. Kxd5
{[%clk 0:01:50]} Qf5+ {[%clk 0:32:51]} 63. Kd6 {[%clk 0:02:06]} Qc2
{[%clk 0:31:48]} 64. d5 {[%clk 0:02:19]} Qc8 {[%clk 0:31:56]} 65. Ke7
{[%clk 0:02:21]} Qb7+ {[%clk 0:31:33]} 66. Kd6 {[%clk 0:02:26]} Kh7
{[%clk 0:31:17]} 67. Nf8+ {[%clk 0:02:35]} Kg7 {[%clk 0:31:20]} 68. Ne6+
{[%clk 0:03:04]} Kf6 {[%clk 0:31:30]} 69. Nc7 {[%clk 0:02:58]} Qb6+
{[%clk 0:29:46]} 70. Kd7 {[%clk 0:02:45]} Ke5 {[%clk 0:28:50]} 71. Kc8
{[%clk 0:02:40]} Kd6 {[%clk 0:28:13]} 72. Ne8+ {[%clk 0:03:04]} Kxd5
{[%clk 0:28:11]} 73. Nc7+ {[%clk 0:03:25]} Kc6 {[%clk 0:28:10]} 74. Ne6
{[%clk 0:02:48]} Qb7+ {[%clk 0:28:26]} 75. Kd8 {[%clk 0:03:09]} Qd7#
{[%clk 0:28:50]} 0-1

[Event "PMPJ 2022 - D13"]
[Site "Jastrzebia Gora"]
[Date "2022.11.13"]
[Round "9.8"]
[White "Kaminska, Zuzanna"]
[Black "Gancarz, Julia"]
[Result "1-0"]
[BlackElo "1044"]
[WhiteElo "1066"]
[LiveChessVersion "1.4.8"]

1. e4 {[%clk 1:30:57]} e5 {[%clk 1:30:44]} 2. Nf3 {[%clk 1:30:24]} Nc6
{[%clk 1:30:54]} 3. Bb5 {[%clk 1:28:01]} a6 {[%clk 1:30:57]} 4. Bxc6
{[%clk 1:28:24]} bxc6 {[%clk 1:31:01]} 5. Nxe5 {[%clk 1:28:45]} Qe7
{[%clk 1:26:18]} 6. d4 {[%clk 1:20:01]} f6 {[%clk 1:24:20]} 7. Nf3
{[%clk 1:19:40]} Qxe4+ {[%clk 1:22:40]} 8. Qe2 {[%clk 1:20:02]} Qxe2+
{[%clk 1:23:04]} 9. Kxe2 {[%clk 1:20:28]} d5 {[%clk 1:20:04]} 10. Re1
{[%clk 1:19:37]} Bd6 {[%clk 1:19:29]} 11. Kf1+ {[%clk 1:19:14]} Ne7
{[%clk 1:19:33]} 12. Nbd2 {[%clk 1:17:18]} O-O {[%clk 1:17:40]} 13. c4
{[%clk 1:17:19]} Ng6 {[%clk 1:11:26]} 14. g3 {[%clk 1:15:16]} Bh3+
{[%clk 1:09:49]} 15. Kg1 {[%clk 1:15:18]} Rfe8 {[%clk 1:08:42]} 16. Rxe8+
{[%clk 1:14:45]} Rxe8 {[%clk 1:08:59]} 17. c5 {[%clk 1:15:05]} Be7
{[%clk 1:07:38]} 18. b4 {[%clk 1:14:56]} f5 {[%clk 1:05:42]} 19. Nb3
{[%clk 1:14:55]} Bf6 {[%clk 1:02:58]} 20. Bg5 {[%clk 1:12:42]} Bxg5
{[%clk 1:01:27]} 21. Nxg5 {[%clk 1:10:21]} Bg4 {[%clk 1:01:15]} 22. f3
{[%clk 1:10:32]} Bh5 {[%clk 1:00:46]} 23. Kf2 {[%clk 1:10:08]} Rb8
{[%clk 0:58:02]} 24. a3 {[%clk 1:07:48]} Re8 {[%clk 0:55:45]} 25. Na5
{[%clk 1:06:13]} h6 {[%clk 0:54:27]} 26. Nh3 {[%clk 1:04:59]} Ne7
{[%clk 0:54:08]} 27. Re1 {[%clk 1:03:10]} g5 {[%clk 0:53:01]} 28. f4
{[%clk 0:50:26]} g4 {[%clk 0:51:34]} 29. Ng1 {[%clk 0:50:32]} Bf7
{[%clk 0:49:07]} 30. Ne2 {[%clk 0:44:18]} h5 {[%clk 0:48:23]} 31. Nc3
{[%clk 0:43:07]} Kg7 {[%clk 0:46:41]} 32. a4 {[%clk 0:38:43]} Kg6
{[%clk 0:45:27]} 33. b5 {[%clk 0:38:52]} cxb5 {[%clk 0:45:47]} 34. axb5
{[%clk 0:39:14]} axb5 {[%clk 0:46:09]} 35. Nxb5 {[%clk 0:39:37]} c6
{[%clk 0:46:18]} 36. Nc7 {[%clk 0:39:39]} Kf6 {[%clk 0:44:24]} 37. Nxe8+
{[%clk 0:39:50]} Bxe8 {[%clk 0:44:42]} 38. Nb7 {[%clk 0:35:16]} Bd7
{[%clk 0:43:22]} 39. Ke3 {[%clk 0:31:50]} Kf7 {[%clk 0:42:33]} 40. Kd3
{[%clk 0:32:02]} Ke8 {[%clk 0:42:34]} 41. Nd6+ {[%clk 0:31:43]} Kd8
{[%clk 0:42:06]} 42. Kc3 {[%clk 0:31:08]} Nc8 {[%clk 0:41:17]} 43. Nxc8
{[%clk 0:31:00]} Kxc8 {[%clk 0:41:39]} 44. Re7 {[%clk 0:31:13]} Kd8
{[%clk 0:41:19]} 45. Rh7 {[%clk 0:31:25]} Be8 {[%clk 0:41:29]} 46. Kb4
{[%clk 0:31:06]} Bg6 {[%clk 0:41:07]} 47. Rh6 {[%clk 0:30:58]} Be8
{[%clk 0:41:21]} 48. Rh7 {[%clk 0:31:05]} Bg6 {[%clk 0:40:47]} 49. Rg7
{[%clk 0:31:27]} Be8 {[%clk 0:41:07]} 50. Rg5 {[%clk 0:31:47]} Bd7
{[%clk 0:39:56]} 51. Rxh5 {[%clk 0:32:00]} Kc7 {[%clk 0:39:51]} 52. h4
{[%clk 0:31:36]} gxh3 {[%clk 0:40:04]} 53. Rxh3 {[%clk 0:31:54]} Kd8
{[%clk 0:40:26]} 54. Ka5 {[%clk 0:31:56]} 1-0

[Event "PMPJ 2022 - D15"]
[Site "Jastrzebia Gora"]
[Date "2022.11.06"]
[Round "1.1"]
[White "Sliwicka, Weronika"]
[Black "Gajec, Roza"]
[Result "1-0"]
[BlackElo "1357"]
[WhiteElo "1265"]
[LiveChessVersion "1.4.8"]

1. e4 {[%clk 1:30:58]} c5 {[%clk 1:30:56]} 2. Nf3 {[%clk 1:31:23]} e6
{[%clk 1:31:22]} 3. d4 {[%clk 1:31:01]} cxd4 {[%clk 1:31:46]} 4. Nxd4
{[%clk 1:31:27]} Nc6 {[%clk 1:32:11]} 5. Nc3 {[%clk 1:31:28]} Qc7
{[%clk 1:32:22]} 6. Nb3 {[%clk 1:31:49]} Nf6 {[%clk 1:31:48]} 7. Bd3
{[%clk 1:32:11]} a6 {[%clk 1:31:49]} 8. O-O {[%clk 1:32:19]} b5 {[%clk 1:31:47]}
9. a3 {[%clk 1:31:59]} Be7 {[%clk 1:31:44]} 10. f4 {[%clk 1:31:58]} d6
{[%clk 1:31:50]} 11. Qf3 {[%clk 1:31:26]} Bb7 {[%clk 1:28:49]} 12. Kh1
{[%clk 1:29:51]} h5 {[%clk 1:15:15]} 13. Qg3 {[%clk 1:13:28]} Kf8
{[%clk 1:07:03]} 14. f5 {[%clk 1:07:52]} h4 {[%clk 0:50:21]} 15. Qh3
{[%clk 1:03:22]} exf5 {[%clk 0:48:46]} 16. Qxf5 {[%clk 0:54:43]} Ne5
{[%clk 0:36:13]} 17. h3 {[%clk 0:44:02]} Nh5 {[%clk 0:28:50]} 18. Ne2
{[%clk 0:25:43]} Bf6 {[%clk 0:19:01]} 19. Qf2 {[%clk 0:19:48]} Rd8
{[%clk 0:11:37]} 20. Rb1 {[%clk 0:07:45]} Nxd3 {[%clk 0:10:41]} 21. cxd3
{[%clk 0:07:06]} Qc2 {[%clk 0:08:46]} 22. Bg5 {[%clk 0:01:25]} Qxe2
{[%clk 0:07:38]} 23. Bxf6 {[%clk 0:01:07]} Ng3+ {[%clk 0:03:50]} 24. Kg1
{[%clk 0:01:02]} Qxf2+ {[%clk 0:02:28]} 25. Rxf2 {[%clk 0:01:29]} gxf6
{[%clk 0:02:51]} 26. Rxf6 {[%clk 0:01:39]} Ke7 {[%clk 0:02:18]} 27. Rf2
{[%clk 0:01:35]} Rh6 {[%clk 0:01:53]} 28. Na5 {[%clk 0:01:59]} Rd7
{[%clk 0:01:44]} 29. Re1 {[%clk 0:01:53]} Rf6 {[%clk 0:01:31]} 30. Rc2
{[%clk 0:01:52]} Kd8 {[%clk 0:01:17]} 31. b4 {[%clk 0:01:42]} Ba8
{[%clk 0:01:15]} 32. Rec1 {[%clk 0:01:59]} Ke7 {[%clk 0:01:10]} 33. Re1
{[%clk 0:02:08]} Ke6 {[%clk 0:01:17]} 34. Rc8 {[%clk 0:02:13]} Bxe4
{[%clk 0:01:10]} 35. dxe4 {[%clk 0:02:35]} Ke5 {[%clk 0:01:03]} 36. Nc6+
{[%clk 0:02:32]} Kf4 {[%clk 0:01:01]} 37. Rg8 {[%clk 0:01:38]} Rg6
{[%clk 0:01:01]} 38. Rh8 {[%clk 0:01:42]} Kg5 {[%clk 0:01:16]} 39. Nd4
{[%clk 0:01:48]} Rh6 {[%clk 0:01:01]} 40. Nf3+ {[%clk 0:02:15]} Kh5
{[%clk 0:01:10]} 41. Rxh6+ {[%clk 0:02:28]} Kxh6 {[%clk 0:01:35]} 42. Nxh4
{[%clk 0:02:54]} Re7 {[%clk 0:01:52]} 43. Rd1 {[%clk 0:01:45]} Re6
{[%clk 0:01:20]} 44. Nf5+ {[%clk 0:02:01]} Nxf5 {[%clk 0:01:37]} 45. exf5
{[%clk 0:02:27]} Rf6 {[%clk 0:02:01]} 46. g4 {[%clk 0:02:51]} Kg5
{[%clk 0:02:24]} 47. Kg2 {[%clk 0:03:13]} Rh6 {[%clk 0:02:27]} 48. Kg3
{[%clk 0:03:30]} d5 {[%clk 0:01:30]} 49. Rxd5 {[%clk 0:03:51]} Rc6
{[%clk 0:01:42]} 50. Rd3 {[%clk 0:03:54]} Rh6 {[%clk 0:01:33]} 51. Rc3
{[%clk 0:04:00]} Rd6 {[%clk 0:01:50]} 52. h4+ {[%clk 0:04:21]} Kh6
{[%clk 0:02:11]} 53. Re3 {[%clk 0:03:09]} Rc6 {[%clk 0:02:22]} 54. Rd3
{[%clk 0:01:45]} f6 {[%clk 0:01:58]} 55. Kf4 {[%clk 0:01:10]} Rc4+
{[%clk 0:02:19]} 56. Kf3 {[%clk 0:01:34]} Rc6 {[%clk 0:02:37]} 57. Ke2
{[%clk 0:01:12]} Rc4 {[%clk 0:02:25]} 58. Rg3 {[%clk 0:01:22]} Re4+
{[%clk 0:02:42]} 59. Kd3 {[%clk 0:01:22]} Rc4 60. g5+ fxg5 {[%clk 0:02:40]} 61.
hxg5+ {[%clk 0:01:48]} Kg7 {[%clk 0:02:58]} 62. Ke3 {[%clk 0:01:43]} Rc6
{[%clk 0:03:02]} 63. Kd4 {[%clk 0:02:01]} Rc7 {[%clk 0:02:50]} 64. Kd5
{[%clk 0:02:21]} Rf7 {[%clk 0:03:03]} 65. Ke6 {[%clk 0:02:30]} Rc7
{[%clk 0:03:16]} 66. Rd3 {[%clk 0:02:13]} 1-0

[Event "PMPJ 2022 - D15"]
[Site "Jastrzebia Gora"]
[Date "2022.11.06"]
[Round "1.2"]
[White "Nowak, Zuzanna"]
[Black "Racis, Dominika"]
[Result "1-0"]
[BlackElo "1248"]
[WhiteElo "1354"]
[LiveChessVersion "1.4.8"]

1. e4 {[%clk 1:30:58]} c6 {[%clk 1:30:44]} 2. c4 {[%clk 1:31:17]} d5
{[%clk 1:31:07]} 3. exd5 {[%clk 1:31:41]} cxd5 {[%clk 1:31:29]} 4. cxd5
{[%clk 1:32:08]} Qxd5 {[%clk 1:31:47]} 5. Nc3 {[%clk 1:32:33]} Qd8
{[%clk 1:31:47]} 6. Bc4 {[%clk 1:32:12]} Nf6 {[%clk 1:31:37]} 7. Nf3
{[%clk 1:32:29]} Bg4 {[%clk 1:31:09]} 8. Bxf7+ {[%clk 1:32:14]} Kxf7
{[%clk 1:29:56]} 9. Ne5+ {[%clk 1:32:40]} Ke8 {[%clk 1:29:58]} 10. Nxg4
{[%clk 1:32:56]} Nbd7 {[%clk 1:28:33]} 11. O-O {[%clk 1:32:55]} Qc7
{[%clk 1:25:15]} 12. Re1 {[%clk 1:29:09]} Kd8 {[%clk 1:18:28]} 13. d4
{[%clk 1:29:43]} Nxg4 {[%clk 0:58:38]} 14. Qxg4 {[%clk 1:30:04]} Qb6
{[%clk 0:55:49]} 15. Nd5 {[%clk 1:26:34]} Nf6 {[%clk 0:39:38]} 16. Nxb6
{[%clk 1:26:20]} Nxg4 {[%clk 0:40:01]} 17. Nxa8 {[%clk 1:26:45]} Kc8
{[%clk 0:39:51]} 18. Bf4 {[%clk 1:26:49]} Nf6 {[%clk 0:39:06]} 19. Rac1+
{[%clk 1:26:47]} Kd8 {[%clk 0:39:23]} 20. Nc7 {[%clk 1:26:59]} h6
{[%clk 0:39:35]} 21. Ne6+ {[%clk 1:27:03]} Ke8 {[%clk 0:39:53]} 22. Rc8+
{[%clk 1:26:55]} Kf7 {[%clk 0:40:17]} 23. h4 {[%clk 1:26:33]} h5 {[%clk 0:39:15]}
24. Bg5 {[%clk 1:25:55]} a6 {[%clk 0:39:16]} 25. Bxf6 {[%clk 1:26:10]} gxf6
{[%clk 0:39:31]} 26. d5 {[%clk 1:26:19]} Bg7 {[%clk 0:39:44]} 27. Rxh8
{[%clk 1:26:36]} Bxh8 {[%clk 0:39:59]} 28. f4 {[%clk 1:26:23]} f5
{[%clk 0:40:15]} 29. Ng5+ {[%clk 1:25:40]} Kf6 {[%clk 0:40:15]} 30. Re6+
{[%clk 1:26:00]} Kg7 {[%clk 0:40:29]} 31. Rxe7+ {[%clk 1:26:18]} Kf8
{[%clk 0:40:49]} 32. d6 {[%clk 1:26:14]} a5 {[%clk 0:40:58]} 33. Ne6+
{[%clk 1:26:24]} Kg8 {[%clk 0:41:19]} 34. d7 {[%clk 1:26:46]} a4 {[%clk 0:41:46]}
35. d8=Q# {[%clk 1:27:08]} 1-0

[Event "PMPJ 2022 - D15"]
[Site "Jastrzebia Gora"]
[Date "2022.11.06"]
[Round "1.3"]
[White "Markowska, Kalina"]
[Black "Pniewska, Beata"]
[Result "0-1"]
[BlackElo "1353"]
[WhiteElo "1246"]
[LiveChessVersion "1.4.8"]

1. e4 e6 {[%clk 1:30:52]} 2. d4 {[%clk 1:31:22]} d5 {[%clk 1:31:11]} 3. Nc3
{[%clk 1:30:50]} dxe4 {[%clk 1:30:27]} 4. Nxe4 {[%clk 1:31:07]} Nd7
{[%clk 1:29:46]} 5. Nf3 {[%clk 1:31:09]} Ngf6 {[%clk 1:29:08]} 6. Nxf6+
{[%clk 1:31:29]} Nxf6 {[%clk 1:29:22]} 7. Bd3 {[%clk 1:31:36]} c5
{[%clk 1:28:22]} 8. O-O {[%clk 1:12:27]} Bd7 {[%clk 1:19:26]} 9. Re1
{[%clk 1:04:39]} cxd4 {[%clk 1:15:41]} 10. Nxd4 {[%clk 1:02:15]} Bc5
{[%clk 1:14:26]} 11. Nb3 {[%clk 0:57:52]} Bd6 {[%clk 1:13:19]} 12. h3
{[%clk 0:52:17]} Bc6 {[%clk 1:10:16]} 13. Bd2 {[%clk 0:46:52]} Bc7
{[%clk 1:07:16]} 14. Bc4 {[%clk 0:33:52]} Qd6 {[%clk 1:01:16]} 15. g3
{[%clk 0:33:53]} b5 {[%clk 0:58:35]} 16. Bd3 {[%clk 0:24:08]} Qd5
{[%clk 0:57:57]} 17. f3 {[%clk 0:22:35]} Bxg3 {[%clk 0:58:00]} 18. Be4
{[%clk 0:19:40]} Nxe4 {[%clk 0:57:32]} 19. fxe4 {[%clk 0:20:06]} Qe5
{[%clk 0:56:44]} 20. Re2 {[%clk 0:14:02]} Bxe4 {[%clk 0:55:10]} 21. Bc3
{[%clk 0:13:11]} Bh2+ {[%clk 0:54:13]} 22. Kf1 {[%clk 0:08:48]} Qf5+
{[%clk 0:54:18]} 23. Rf2 {[%clk 0:07:02]} Qxh3+ {[%clk 0:54:33]} 24. Ke2
{[%clk 0:05:44]} Bg3 {[%clk 0:52:31]} 25. Rxf7 {[%clk 0:01:27]} Qh5+
{[%clk 0:50:36]} 0-1

[Event "PMPJ 2022 - D15"]
[Site "Jastrzebia Gora"]
[Date "2022.11.06"]
[Round "1.4"]
[White "Kaczmarek, Paulina"]
[Black "Para, Aleksandra"]
[Result "1/2-1/2"]
[BlackElo "1204"]
[WhiteElo "1331"]
[LiveChessVersion "1.4.8"]

1. e4 {[%clk 1:30:56]} e5 {[%clk 1:30:54]} 2. d4 {[%clk 1:31:14]} exd4
{[%clk 1:31:18]} 3. Bc4 {[%clk 1:31:35]} Nf6 {[%clk 1:31:27]} 4. e5
{[%clk 1:31:01]} d5 {[%clk 1:31:38]} 5. Bb3 {[%clk 1:27:25]} Ne4 {[%clk 1:30:01]}
6. Nf3 {[%clk 1:25:59]} Nc6 {[%clk 1:27:45]} 7. O-O {[%clk 1:25:24]} h6
{[%clk 1:19:51]} 8. Nxd4 {[%clk 1:21:00]} Be7 {[%clk 1:04:51]} 9. Be3
{[%clk 1:17:43]} O-O {[%clk 1:00:47]} 10. f3 {[%clk 1:16:29]} Nc5
{[%clk 0:58:52]} 11. Nxc6 {[%clk 1:14:10]} bxc6 {[%clk 0:59:17]} 12. c3
{[%clk 1:10:51]} Ba6 {[%clk 0:55:20]} 13. Rf2 {[%clk 1:04:55]} Nd3
{[%clk 0:53:36]} 14. Rd2 {[%clk 1:01:56]} Nxe5 {[%clk 0:52:40]} 15. f4
{[%clk 0:56:50]} Nc4 {[%clk 0:51:07]} 16. Bxc4 {[%clk 0:57:13]} Bxc4
{[%clk 0:51:36]} 17. b3 {[%clk 0:57:33]} Ba6 {[%clk 0:51:30]} 18. c4
{[%clk 0:57:06]} Bf6 {[%clk 0:50:35]} 19. Bd4 {[%clk 0:50:01]} Bb7
{[%clk 0:45:09]} 20. Na3 {[%clk 0:46:50]} Qd6 {[%clk 0:38:11]} 21. Bxf6
{[%clk 0:45:19]} Qxf6 {[%clk 0:38:12]} 22. Qf1 {[%clk 0:45:21]} Qd6
{[%clk 0:35:43]} 23. Nc2 {[%clk 0:44:53]} a5 {[%clk 0:31:21]} 24. Rad1
{[%clk 0:41:29]} Rfe8 {[%clk 0:26:52]} 25. Qf2 {[%clk 0:38:24]} Qe7
{[%clk 0:21:55]} 26. c5 {[%clk 0:31:08]} Ba6 {[%clk 0:19:20]} 27. Qd4
{[%clk 0:29:28]} Qe4 {[%clk 0:18:19]} 28. g3 {[%clk 0:26:09]} Qxd4+
{[%clk 0:16:08]} 29. Nxd4 {[%clk 0:25:09]} Bb7 {[%clk 0:16:16]} 30. Kf2
{[%clk 0:25:18]} Kf8 {[%clk 0:13:27]} 31. Re1 {[%clk 0:24:05]} g6
{[%clk 0:12:24]} 32. Rde2 {[%clk 0:23:33]} Rxe2+ {[%clk 0:11:41]} 33. Rxe2
{[%clk 0:23:59]} Re8 {[%clk 0:09:32]} 34. Rxe8+ {[%clk 0:22:32]} Kxe8
{[%clk 0:10:01]} 35. h3 {[%clk 0:23:00]} Kd7 {[%clk 0:09:31]} 36. Ke3
{[%clk 0:21:32]} Ba6 {[%clk 0:09:23]} 37. a3 {[%clk 0:20:21]} Bf1
{[%clk 0:07:38]} 38. h4 {[%clk 0:20:24]} h5 {[%clk 0:07:35]} 39. Nf3
{[%clk 0:19:18]} f6 {[%clk 0:05:34]} 40. Nd4 {[%clk 0:17:59]} Ba6
{[%clk 0:03:22]} 41. Kd2 {[%clk 0:17:53]} Bb5 {[%clk 0:02:53]} 42. a4
{[%clk 0:17:02]} Ba6 {[%clk 0:03:10]} 43. Kc3 {[%clk 0:17:27]} Bb7
{[%clk 0:01:28]} 44. b4 {[%clk 0:17:46]} axb4+ {[%clk 0:01:54]} 45. Kxb4
{[%clk 0:18:08]} Ke7 {[%clk 0:00:37]} 46. Kc3 {[%clk 0:17:57]} Ba8
{[%clk 0:00:36]} 47. Nc2 {[%clk 0:18:07]} Ke6 {[%clk 0:00:48]} 48. Kd4
{[%clk 0:18:22]} Kf5 {[%clk 0:00:59]} 49. Ke3 {[%clk 0:18:41]} Kg4
{[%clk 0:00:45]} 50. Kf2 {[%clk 0:19:00]} Bb7 {[%clk 0:00:41]} 51. Nb4
{[%clk 0:19:23]} g5 {[%clk 0:00:45]} 52. fxg5 {[%clk 0:19:37]} fxg5
{[%clk 0:01:14]} 53. hxg5 {[%clk 0:19:56]} Kxg5 {[%clk 0:01:31]} 54. a5
{[%clk 0:20:12]} Kg4 {[%clk 0:00:50]} 55. a6 {[%clk 0:20:28]} Ba8
{[%clk 0:01:17]} 56. a7 {[%clk 0:20:47]} d4 {[%clk 0:01:36]} 57. Na6
{[%clk 0:21:04]} d3 {[%clk 0:01:31]} 58. Nxc7 {[%clk 0:17:38]} Bb7
{[%clk 0:02:00]} 59. Ne6 {[%clk 0:17:04]} d2 {[%clk 0:02:04]} 60. Ke2
{[%clk 0:17:25]} Kxg3 {[%clk 0:01:39]} 61. Kxd2 {[%clk 0:15:27]} h4
{[%clk 0:01:46]} 62. Ng5 {[%clk 0:14:28]} Kg4 {[%clk 0:01:05]} 63. Ne4
{[%clk 0:14:44]} Kf4 {[%clk 0:00:47]} 1/2-1/2

[Event "PMPJ 2022 - D15"]
[Site "Jastrzebia Gora"]
[Date "2022.11.06"]
[Round "1.5"]
[White "Dura, Anna"]
[Black "Makarec, Anna"]
[Result "0-1"]
[BlackElo "1316"]
[WhiteElo "1190"]
[LiveChessVersion "1.4.8"]

1. c4 {[%clk 1:30:58]} e6 {[%clk 1:30:53]} 2. Nc3 {[%clk 1:31:19]} Nf6
{[%clk 1:31:11]} 3. d4 {[%clk 1:31:17]} Bb4 {[%clk 1:31:26]} 4. e3
{[%clk 1:29:17]} b6 {[%clk 1:31:00]} 5. Bd2 {[%clk 1:26:40]} Bb7 {[%clk 1:29:53]}
6. a3 {[%clk 1:24:07]} Bxc3 {[%clk 1:28:16]} 7. Bxc3 {[%clk 1:24:11]} d6
{[%clk 1:25:15]} 8. Nf3 {[%clk 1:21:42]} Nbd7 {[%clk 1:23:21]} 9. g3
{[%clk 1:15:10]} O-O {[%clk 1:21:12]} 10. Bg2 {[%clk 1:15:12]} Ne4
{[%clk 1:18:47]} 11. O-O {[%clk 1:10:48]} f5 {[%clk 1:17:42]} 12. Qb3
{[%clk 1:03:13]} Qe7 {[%clk 1:10:10]} 13. a4 {[%clk 0:55:29]} a5 {[%clk 0:58:39]}
14. Qb5 {[%clk 0:51:06]} c6 {[%clk 0:56:02]} 15. Qb3 {[%clk 0:50:57]} Ba6
{[%clk 0:55:29]} 16. Rfd1 {[%clk 0:47:23]} Nxc3 {[%clk 0:49:26]} 17. Qxc3
{[%clk 0:45:13]} Nf6 {[%clk 0:47:17]} 18. b4 {[%clk 0:42:12]} Ne4
{[%clk 0:45:25]} 19. Qb3 {[%clk 0:40:54]} c5 {[%clk 0:37:17]} 20. b5
{[%clk 0:37:30]} Bb7 {[%clk 0:37:33]} 21. Qd3 {[%clk 0:35:23]} Rad8
{[%clk 0:35:31]} 22. Nd2 {[%clk 0:32:03]} Nxd2 {[%clk 0:34:19]} 23. Bxb7
{[%clk 0:30:21]} Nxc4 {[%clk 0:29:14]} 24. Qxc4 {[%clk 0:29:34]} Qxb7
{[%clk 0:29:32]} 25. Qxe6+ {[%clk 0:29:01]} Qf7 {[%clk 0:29:45]} 26. Qxf7+
{[%clk 0:27:58]} Kxf7 {[%clk 0:30:06]} 27. Rac1 {[%clk 0:26:22]} Ke7
{[%clk 0:28:52]} 28. Kf1 {[%clk 0:24:47]} Rc8 {[%clk 0:28:48]} 29. Ke2
{[%clk 0:22:11]} Rfd8 {[%clk 0:28:56]} 30. Rd2 {[%clk 0:19:58]} c4
{[%clk 0:22:14]} 31. Rc3 {[%clk 0:18:53]} d5 {[%clk 0:22:32]} 32. h4
{[%clk 0:18:07]} Kf6 {[%clk 0:22:46]} 33. Kf3 {[%clk 0:17:05]} Re8
{[%clk 0:22:46]} 34. Rd1 {[%clk 0:16:19]} g6 {[%clk 0:22:33]} 35. Rh1
{[%clk 0:15:38]} h6 {[%clk 0:22:23]} 36. Rh2 {[%clk 0:14:33]} Rh8
{[%clk 0:21:58]} 37. Rh3 {[%clk 0:09:58]} g5 {[%clk 0:22:17]} 38. g4
{[%clk 0:09:00]} h5 {[%clk 0:20:19]} 39. gxh5 {[%clk 0:08:40]} g4+
{[%clk 0:20:40]} 40. Kg3 {[%clk 0:08:44]} gxh3 {[%clk 0:21:02]} 41. Kxh3
{[%clk 0:09:04]} Rxh5 {[%clk 0:21:26]} 42. Kg3 {[%clk 0:08:51]} Rg8+
{[%clk 0:21:46]} 43. Kf3 {[%clk 0:08:56]} Rxh4 {[%clk 0:22:09]} 44. Rc1
{[%clk 0:08:14]} Rgg4 {[%clk 0:22:12]} 45. Ke2 {[%clk 0:08:13]} f4
{[%clk 0:22:25]} 46. Kf3 {[%clk 0:08:00]} Kf5 {[%clk 0:22:36]} 0-1

[Event "PMPJ 2022 - D15"]
[Site "Jastrzebia Gora"]
[Date "2022.11.06"]
[Round "1.6"]
[White "Bauer, Maja"]
[Black "Idzior, Izabela"]
[Result "1-0"]
[BlackElo "1172"]
[WhiteElo "1300"]
[LiveChessVersion "1.4.8"]

1. e4 {[%clk 1:30:57]} e6 {[%clk 1:30:56]} 2. d4 {[%clk 1:31:12]} d5
{[%clk 1:31:23]} 3. Nd2 {[%clk 1:31:11]} Nc6 {[%clk 1:31:48]} 4. c3
{[%clk 1:31:05]} Nf6 {[%clk 1:31:46]} 5. Bd3 {[%clk 1:28:46]} e5 {[%clk 1:25:54]}
6. Qe2 {[%clk 0:57:47]} Be6 {[%clk 0:53:00]} 7. Ngf3 {[%clk 0:41:15]} exd4
{[%clk 0:40:46]} 8. exd5 {[%clk 0:27:04]} Nxd5 {[%clk 0:36:59]} 9. Nxd4
{[%clk 0:18:03]} Nf4 {[%clk 0:23:51]} 10. Qe4 {[%clk 0:15:25]} Nxd3+
{[%clk 0:17:35]} 11. Qxd3 {[%clk 0:15:45]} Nxd4 {[%clk 0:10:43]} 12. cxd4
{[%clk 0:15:31]} c6 {[%clk 0:04:56]} 13. O-O {[%clk 0:15:08]} Be7
{[%clk 0:03:18]} 14. b3 {[%clk 0:10:02]} O-O {[%clk 0:01:51]} 15. Bb2
{[%clk 0:10:03]} Qc7 {[%clk 0:01:03]} 16. Rac1 {[%clk 0:09:17]} Qa5
{[%clk 0:00:54]} 17. Bc3 {[%clk 0:05:32]} Qh5 {[%clk 0:01:16]} 18. Qg3
{[%clk 0:04:41]} Rad8 {[%clk 0:00:37]} 19. d5 {[%clk 0:04:28]} Bg4
{[%clk 0:00:47]} 20. h3 {[%clk 0:04:08]} Bd6 {[%clk 0:00:38]} 21. Qxg4
{[%clk 0:04:21]} Qxg4 {[%clk 0:00:37]} 22. hxg4 {[%clk 0:04:45]} cxd5
{[%clk 0:00:51]} 23. Bd4 {[%clk 0:04:35]} b6 {[%clk 0:00:42]} 24. Rfe1
{[%clk 0:04:13]} Bb4 {[%clk 0:00:34]} 25. Bc3 {[%clk 0:04:07]} Ba3
{[%clk 0:01:01]} 26. Rcd1 {[%clk 0:03:12]} d4 {[%clk 0:01:24]} 27. Ba1
{[%clk 0:03:32]} Rd6 {[%clk 0:00:35]} 28. Nc4 {[%clk 0:03:31]} 1-0